Sitios de rompe y rasga en la Ciudad de México (Registro nro. 60295)

Detalles MARC
000 -LEADER
campo de control de longitud fija 01409aam a2200397 i 4500
001 - NÚMERO DE CONTROL
campo de control MOR01000060539
005 - FECHA Y HORA DE LA ÚLTIMA TRANSACCIÓN
campo de control 20260331134612.0
007 - CAMPO FIJO DE DESCRIPCIÓN FÍSICA--INFORMACIÓN GENERAL
campo de control de longitud fija ta
008 - DATOS DE LONGITUD FIJA--INFORMACIÓN GENERAL
campo de control de longitud fija 990113s1998 dfmaco g bi 000 0dspa d
020 ## - NÚMERO INTERNACIONAL ESTÁNDAR DEL LIBRO
Número Internacional Estándar del Libro 970-651-106-7
035 ## - NÚMERO DE CONTROL DEL SISTEMA
Número de control de sistema 990148
040 ## - FUENTE DE CATALOGACIÓN
Centro catalogador/agencia de origen mxcmmo
Lengua de catalogación spa
Normas de descripción rda
Centro/agencia transcriptor mxcmmo
041 0# - CÓDIGO DE IDIOMA
Código de lengua del texto/banda sonora o título independiente spa
043 ## - CÓDIGO DE ÁREA GEOGRÁFICA
Código de área geográfica n-mx-df
082 ## - NÚMERO DE LA CLASIFICACIÓN DECIMAL DEWEY
Número de clasificación 792.7
Número de ítem JIM.s
100 1# - ENTRADA PRINCIPAL--NOMBRE DE PERSONA
Nombre de persona Jiménez, Armando
Término indicativo de función/relación autor
9 (RLIN) 107860
245 10 - MENCIÓN DEL TÍTULO
Título Sitios de rompe y rasga en la Ciudad de México
Resto del título : salones de baile, cabarets, billares, teatros/
Mención de responsabilidad, etc. Armando Jiménez ; [pról. por Jaime Orozco Barbosa]
264 #1 - PRODUCCIÓN, PUBLICACIÓN, DISTRIBUCIÓN, FABRICACIÓN Y COPYRIGHT
Producción, publicación, distribución, fabricación y copyright México :
Nombre del de productor, editor, distribuidor, fabricante Océano,
Fecha de producción, publicación, distribución, fabricación o copyright 1998.
300 ## - DESCRIPCIÓN FÍSICA
Extensión 280 páginas:
Otras características físicas ilustraciones, retratos, fotos;
Dimensiones 23 cm
336 ## - TIPO DE CONTENIDO
Término de tipo de contenido texto
Código de tipo de contenido txt
Fuente rdacontent
337 ## - TIPO DE MEDIO
Nombre/término del tipo de medio sin medio
Código del tipo de medio n
Fuente rdamedia
338 ## - TIPO DE SOPORTE
Nombre/término del tipo de soporte volumen
Código del tipo de soporte nc
Fuente rdacarrier
504 ## - NOTA DE BIBLIOGRAFÍA, ETC.
Nota de bibliografía, etc. Nota Bibliografía: páginas 273-275
650 #7 - PUNTO DE ACCESO ADICIONAL DE MATERIA--TÉRMINO DE MATERIA
Término de materia o nombre geográfico como elemento de entrada Music Hall (Teatros de variedades, cabarets, etc.)
9 (RLIN) 107861
650 #7 - PUNTO DE ACCESO ADICIONAL DE MATERIA--TÉRMINO DE MATERIA
Término de materia o nombre geográfico como elemento de entrada Teatros
9 (RLIN) 107862
700 1# - ENTRADA AGREGADA--NOMBRE PERSONAL
Nombre de persona Orozco Barbosa, Jaime
Término indicativo de función/relación prologuista
9 (RLIN) 107863
810 20 - PUNTO DE ACCESO ADICIONAL DE SERIE--NOMBRE DE ENTIDAD CORPORATIVA
Nombre de entidad corporativa o nombre de jurisdicción como elemento de entrada Océano (México, D.F.)
Título de la obra Tiempo de México
9 (RLIN) 107708
900 ## - ELEMENTOS DE DATOS A LOCAL, LDA (RLIN)
Nombre de persona ALEPH14
Numeración 10
Títulos y otros términos asociados al nombre 20061103
Lenguaje de la obra MOR01
-- 1050
900 ## - ELEMENTOS DE DATOS A LOCAL, LDA (RLIN)
Nombre de persona BATCH-UPD
Numeración 00
Títulos y otros términos asociados al nombre 20120323
Lenguaje de la obra MOR01
-- 1745
900 ## - ELEMENTOS DE DATOS A LOCAL, LDA (RLIN)
Nombre de persona BATCH-UPD
Numeración 10
Títulos y otros términos asociados al nombre 20120321
Lenguaje de la obra MOR01
-- 1706
900 ## - ELEMENTOS DE DATOS A LOCAL, LDA (RLIN)
Nombre de persona BATCH
Numeración 00
Títulos y otros términos asociados al nombre 20120322
Lenguaje de la obra MOR01
-- 1729
900 ## - ELEMENTOS DE DATOS A LOCAL, LDA (RLIN)
Nombre de persona DYNIX
Numeración 00
Títulos y otros términos asociados al nombre 20030304
Lenguaje de la obra MOR01
-- 1721
904 ## - ELEMENTOS DE DATOS D LOCAL, LDD (RLIN)
a UPDATE
942 ## - ELEMENTOS DE ENTRADA SECUNDARIOS (KOHA)
Código de la institución [OBSOLETO] BK
901 ## - ELEMENTOS DE DATOS A LOCAL LDA (RLIN)
a batch batch
Existencias
Estatus retirado Estado de pérdida Fuente del sistema de clasificación o colocación Estado de daño No para préstamo Colección Biblioteca de origen Biblioteca actual Ubicación en estantería Fecha de adquisición Fuente de adquisición Número de inventario Total de préstamos Signatura topográfica completa Código de barras Visto por última vez Precio de reemplazo Tipo de ítem Koha
    Clasificación Decimal Dewey     Libros (General) Biblioteca Instituto Mora Biblioteca Instituto Mora Regular 03/09/2024   86470   (G)/792.7 JIM.s 33291000958369 03/09/2024 03/09/2024 Libro préstamo regular